| 000 | 01653aam a2200361 i 4500 | ||
|---|---|---|---|
| 001 | 768714001 | ||
| 003 | CO-MdFUSB | ||
| 005 | 20250822115755.0 | ||
| 007 | ta | ||
| 008 | 250822b |||||||| |||| 00| 0 eng d | ||
| 020 | _a0-87788-063-8 | ||
| 040 | _cCO-MdFUSB | ||
| 041 | 0 | _aeng | |
| 082 | 0 | 4 |
_223 _a248.843 _bB2931b |
| 100 | 1 |
_aBarton, R. Ruth _eautor |
|
| 245 | 1 | 0 |
_aBecoming a woman of strength : _b14 Life Challenges for Women--and the Men Who Love Them. _c/ R. Ruth Barton |
| 264 | 1 |
_bHarold Shaw Publishers, _aWheaton, Illinois : _c[1994] |
|
| 264 | 4 | _c©1994 | |
| 300 | _a280 páginas | ||
| 336 |
_atexto _btxt _2rdacontent |
||
| 337 |
_2rdamedia _asin mediación _bn |
||
| 338 |
_2rdacarrier _avolumen _bnc |
||
| 500 | _aTabla de contenido traducida por la agencia catalogadora | ||
| 504 | _aIncluye referencias bibliográficas. | ||
| 505 | _aEl poder de la escogencia. -- Buscando amor en todos los lugares equivocados. -- Viviendo una vida con propósito. -- ¿Cómo Dios mira las mujeres? -- Juegos que la gente juega. -- El mundo de "no es suficiente". -- Un matrimonio que funciona. -- Batallando por su matrimonio. -- La jornada sexual. -- Niños: ¿ pesadilla o bendición? --Cuando la vida es lejos de perfecta. -- Mujer a mujer: enseñándose entre generaciones. -- Mujeres y hombres: trabajando juntos. -- La mujer cristiana de hoy: a la imagen de Cristo en medio de la controversia. | ||
| 563 | _aRústico | ||
| 653 | _aToma de decisiones -- Aspectos religiosos -- Cristianismo | ||
| 653 | _aConducta de vida | ||
| 653 | _aMujeres cristiana | ||
| 942 | _cBK | ||
| 945 | _aJTF-925 | ||
| 999 |
_c44307 _d44307 |
||